000 00886nas a2200301 4500
001 BR0602400
003 BR-BrBNA
005 20231205110033.0
007 ta
008 230509b bl.|||p| |||| 00| 00por d
040 _aBR-BrBNA
_bpor
_cBiblioteca Nacional de Agricultura
041 _a(Pt)
072 _aQ03; Q04
100 1 _aSpexoto, A.A.
100 1 _aOliveira, C.A.F.
100 1 _aOlival, A. de A.
245 1 _aAplicação do sistema de análise de perigos e pontos críticos de controle em propriedade leiteira tipo A
650 _aGRANJA
650 _aLEITE
650 _aORDENHA
650 _aBACTÉRIA
650 _aMAMITE
650 _aAPPCC
650 _aCONTROLE DE QUALIDADE
773 0 _tCiência Rural (Brazil)
_xISSN 0103-8478
_g(Nov-Dec 2005), v. 35(6) p. 1424-1430
_wBR0602400
909 _a202311
_bLúcia
_c55
_dLúcia Elande
942 _2AGRIS
_n0
_cANA
999 _c185925
_d185925